• 首页
  • 本馆介绍
  • 公告通知
  • 最新文献
  • 馆藏检索
  • 电子资源
  • 读者导购
  • 参考咨询
  • 我的图书馆
  • 登录
  • 详细信息显示
  • 放入我的书架
  • 预约/预借图书
  • 作者相关作品
  • 分类相关作品
  • 丛书相关作品
  • 出版社相关作品

书目信息

  • 表格格式
  • 工作单格式
  • 卡片格式
题名:
中国崛起
    
 
作者: 郑永年 著
分册:  
出版信息: 北京   东方出版社  2016
页数: 150页
开本: 21cm
丛书名:
单 册:
中图分类: D60
科图分类:
主题词: 发展战略--fa zhan zhan lue--研究--中国
电子资源:
ISBN: 978-7-5060-8808-4
000 00913nam0 22002531 450
001 1761087542
005 20170619172018.0
010    @a978-7-5060-8808-4@dCNY28.00
100    @a20160526d2016 em y0chiy50 ea
101 0  @achi
102    @aCN@b110000
105    @ay z 000yy
106    @ar
200 1  @a中国崛起@9zhong guo jue qi@b专著@e重估亚洲价值观@f郑永年著
210    @a北京@c东方出版社@d2016
215    @a150页@d21cm
300    @a郑永年论中国
330    @a本书共分七章,内容包括:从东方专制主义到亚洲价值观、西方与“东方专制主义”、“东方专制主义”在西方的起源和演变、亚洲的崛起和“亚洲价值观”的争论、亚洲要对西方的经济政治制度做重新反思等。
517 1  @a重估亚洲价值观@9chong gu ya zhou jia zhi guan
606 0  @a发展战略@9fa zhan zhan lue@x研究@y中国
690    @aD60@v5
701  0 @a郑永年@9zheng yong nian@f(1962-)@4著
801  0 @aCN@b百万庄@c20170619
905    @b1014441-6@dD60@e137@f6
    
    中国崛起:重估亚洲价值观/郑永年著.-北京:东方出版社,2016
    150页;21cm
    郑永年论中国
    
    ISBN 978-7-5060-8808-4:CNY28.00
    本书共分七章,内容包括:从东方专制主义到亚洲价值观、西方与“东方专制主义”、“东方专制主义”在西方的起源和演变、亚洲的崛起和“亚洲价值观”的争论、亚洲要对西方的经济政治制度做重新反思等。
●
相关链接 在E读中查询图书 在五车中查询图书 在当当中查询图书 在豆瓣中查询图书


正题名:中国崛起     索取号:D60/137         预约/预借

序号 登录号 条形码 馆藏地/架位号 状态 备注
1 1014441   210144413   第一样本阅览室/ [索取号:D60/137] 在馆    
2 1014442   210144422   教育系资料室/ [索取号:D60/137] 在馆    
3 1014443   210144431   教育系资料室/ [索取号:D60/137] 在馆    
4 1014444   210144440   教育系资料室/ [索取号:D60/137] 在馆    
5 1014445   210144459   第一借阅区/ [索取号:D60/137] 在馆    
6 1014446   210144468   第一借阅区/ [索取号:D60/137] 在馆    
唐山师范学院图书馆 欢迎您!
大连网信软件有限公司© 版权所有